000 00408nam a2200181Ia 4500
001 17957
005 20260306171555.0
008 260306s9999||||xx |||||||||||||| ||und||
041 _aESP
082 _a658.3
_bM84
100 _aMondy, R. Wayne
_eAUT
245 0 _aAdministración de recursos humanos
260 _c2010
300 _a
_c
650 _aGEN
654 _aCAN
942 _cLIB
_dJUS
_fJUS
_2ddc
_n
999 _c17957
_d17957